| 000 | 00679cam a22002297a 4500 | ||
|---|---|---|---|
| 001 | 14600878 | ||
| 003 | OSt | ||
| 005 | 20160419102014.0 | ||
| 008 | 061019s2006 ctua 001 0 eng d | ||
| 010 | _a 2006298786 | ||
| 020 | _a1932394494 | ||
| 040 | _aSEKU | ||
| 050 | 0 | 0 |
_aQA76.62 _b.J6 |
| 100 | 1 |
_aJohnson, Dave _q(David Mason), _d1964- |
|
| 245 | 1 | 0 |
_aRSS and Atom in action : _bweb 2.0 building blocks / _cDave Johnson ; [foreword by Simon Phipps]. |
| 260 |
_aGreenwich, Conn. : _bManning, _c2006. |
||
| 300 |
_axxvii, 368 p. : _bill. ; _c24 cm. |
||
| 500 | _aIncludes index. | ||
| 650 | 0 | _aInternet programming. | |
| 650 | 0 | _aWeb site development. | |
| 942 |
_2lcc _cGEN |
||
| 999 |
_c12778 _d12778 |
||